1970s Songs A to Z (Lyrics) - Statistics

General Stats
  • This quiz has been taken 34 times
  • The average score is 13 of 26
Answer Stats
Song % Correct
I {I} {Can} {See} {Clearly} {Now} the rain is gone, I can see all obstacles in my way
89%
G Do a little dance, make a little love, {Get} {Down} {Tonight}
85%
J {Joy} {to} {the} {World}, all the boys and girls now, joy to the fishes in the deep blue sea
81%
M Oh {Mandy}, well you came and you gave without taking, but I sent you away
81%
F If every word I said could make you laugh I'd talk {Forever}
74%
H They livin' it up at the {Hotel} {California}, what a nice surprise, bring your alibis
74%
Q Why do we never get an answer when we're knocking at the door with a thousand million {Question}s about hate and death and war?
74%
R I'm not the man they think I am at home, oh no, no, no, I'm a {Rocket} {Man}
67%
S And she'll take what you give her as long as it's free, yeah, she steals like a thief, but {She's} {Always} {a} {Woman} to me
63%
D {Don't} {Stop} thinking about tomorrow, {Don't} {Stop}, it'll soon be here
63%
C But the thrill we've never known is the thrill that'll get ya when you get your picture on the {Cover} {of} {the} {Rolling} {Stone}
56%
K I got a Nikon camera, I love to take a photograph, so mama don't take my {Kodachrome} away
52%
B Just a few more hours and I'll be right home to you, I think I hear them calling, oh {Beth} what can I do?
44%
Y She looked at me with big brown eyes and said {You} {Ain't} {Seen} {Nothing} {Yet} b-b-baby
44%
X I scaled the frozen mountaintops of eastern lands unknown, time and man alone searching for the lost {Xanadu}
41%
N Blaming it all on the {Nights} {on} {Broadway}, singing them love songs, singing them straight-to-the-heart songs
30%
E {East} {Bound} {and} {Down}, loaded up and truckin′, we're gonna do what they say can't be done
30%
A In my hour of need I truly am indeed {Alone} {Again} ({Naturally})
30%
W Running over the same old ground, what have we found? The same old fear, {Wish} {You} {Were} {Here}
30%
P Just a {Perfect} {Day}, drink sangria in a park, and then later when it gets dark we go home
26%
U {Undercover} {Angel}, midnight fantasy, I never had a dream that made sweet love to me
26%
V {Ventura} {Highway} in the sunshine where the days are longer, the nights are stronger than moonshine
26%
Z I've got the old man's car, I've got a jazz guitar, I've got a tab at {Zanzibar}
22%
O {Oh} {Very} {Young}, what will you leave us this time? You're only dancin' on this earth for a short while
22%
L We're {Lost} {in} {Music}, caught in a trap, no turnin' back
22%
T Oh, oh, {Telephone} {Line} give me some time, I'm living in twilight
19%
No matching quizzes found
Score Distribution
Percent of People with Each Score
Percentile by Number Answered
Your Score History
You have not taken this quiz